Pays méditerranéens - Carte Quiz - Statistiques

Statistiques générales
  • Ce quiz a été pris 22 000 fois
  • Le résultat moyen est 19 sur 22
Réponses sur la Carte
Les réponses sont colorées sur une échelle allant du rouge au vert en fonction du pourcentage des utilisateurs qui les ont devinées à leur premier essai. Vous pouvez retrouver ces pourcentages ci-dessous.
 
Statistiques - réponses
Réponse % Correct
Espagne
98%
France
98%
Italie
97%
Monaco
95%
Maroc
94%
Algérie
93%
Égypte
90%
Tunisie
90%
Grèce
89%
Turquie
87%
Malte
86%
Chypre
84%
Croatie
82%
Israël
82%
Libye
81%
Syrie
79%
Slovénie
75%
Bosnie-Herzégovine
73%
Liban
73%
Monténégro
72%
Albanie
71%
Palestine
71%
Aucun quiz correspondant
Distribution des résultats
% des personnes avec chaque résultat
Percentile par nombre de réponses
Votre historique - résultats
Vous n’avez pas pris ce quiz